Missing Word: Science Misconceptions Quiz Stats

Quiz Updated Nov 28, 2016

Challenge
Share
Tweet
Embed
Score 0/20 Timer 08:00
0 Plays Today
Misconception Missing Word % Correct
The Great ____ of China is the only manmade object visible from the Moon.Wall
99.7%
Drinking eight cups of _____ a day is required to stay healthy.Water
96.3%
Human _____ is colored blue when it is in the veins.Blood
96.2%
The sun revolves around the _____.Earth
94.9%
______ within an hour of swimming will cause cramps.Eating
94.6%
Cracking your ________ causes arthritis.Knuckles
94.2%
Swallowed gum takes seven _____ to digest.Years
94%
Dropping a penny from the ______ State Building will kill someone on the ground.Empire
93.9%
Different tastes are detected by different zones of the ______.Tongue
92.8%
Humans use ten percent of their ______.Brains
92.7%
Misconception Missing Word % Correct
______ someone when they are sleepwalking will kill them.Waking
90.9%
If a crystal can scratch glass, then it is a _______.Diamond
88.9%
Heat only travels __.Upward
84.5%
Cavemen lived with _________ in the Cretaceous Era.Dinosaurs
83.7%
_______ causes hair to grow back thicker.Shaving
83.7%
Touching a toad will give you _____.Warts
82.9%
Seasons are caused by the ________ between the earth and the sun.Distance
81.1%
George Washington Carver invented ______ butter.Peanut
78%
Human waste is jettisoned to the ground from ________.Airplanes
59%
Energy cannot be converted into ____ and vice versa.Mass
56.2%

Today's Daily Dose

You're not logged in!

Compare scores with friends on all Sporcle quizzes.
Join for Free
OR
Log In

You Might Also Like...

Show Comments

Extras

Top Quizzes Today


Score Distribution

Your Account Isn't Verified!

In order to create a playlist on Sporcle, you need to verify the email address you used during registration. Go to your Sporcle Settings to finish the process.

Report this User

Report this user for behavior that violates our Community Guidelines.

Details: